|
|
|
|
| LEADER |
03357nam a22005775i 4500 |
| 001 |
978-3-319-46263-9 |
| 003 |
DE-He213 |
| 005 |
20160907103617.0 |
| 007 |
cr nn 008mamaa |
| 008 |
160907s2016 gw | s |||| 0|eng d |
| 020 |
|
|
|a 9783319462639
|9 978-3-319-46263-9
|
| 024 |
7 |
|
|a 10.1007/978-3-319-46263-9
|2 doi
|
| 040 |
|
|
|d GrThAP
|
| 050 |
|
4 |
|a QA76.9.A25
|
| 072 |
|
7 |
|a UR
|2 bicssc
|
| 072 |
|
7 |
|a UTN
|2 bicssc
|
| 072 |
|
7 |
|a COM053000
|2 bisacsh
|
| 082 |
0 |
4 |
|a 005.8
|2 23
|
| 245 |
1 |
0 |
|a Graphical Models for Security
|h [electronic resource] :
|b Third International Workshop, GraMSec 2016, Lisbon, Portugal, June 27, 2016, Revised Selected Papers /
|c edited by Barbara Kordy, Mathias Ekstedt, Dong Seong Kim.
|
| 264 |
|
1 |
|a Cham :
|b Springer International Publishing :
|b Imprint: Springer,
|c 2016.
|
| 300 |
|
|
|a IX, 167 p. 62 illus.
|b online resource.
|
| 336 |
|
|
|a text
|b txt
|2 rdacontent
|
| 337 |
|
|
|a computer
|b c
|2 rdamedia
|
| 338 |
|
|
|a online resource
|b cr
|2 rdacarrier
|
| 347 |
|
|
|a text file
|b PDF
|2 rda
|
| 490 |
1 |
|
|a Lecture Notes in Computer Science,
|x 0302-9743 ;
|v 9987
|
| 505 |
0 |
|
|a A Bottom-up Approach to Applying Graphical Models in Security Analysis -- On the Soundness of Attack Trees -- The Right Tool for the Job: a Case for Common Input Scenarios for Security Assessment -- Differential Privacy Analysis of Data Processing Workflows -- Bridging Two Worlds: Reconciling Practical Risk Assessment Methodologies with Theory of Attack Trees -- Enterprise Architecture-Based Risk and Security Modelling and Analysis -- From A to Z: Developing a Visual Vocabulary for Information Security Threat Visualisation -- Quantitative Attack Tree Analysis: Stochastic Bounds and Numerical Analysis -- Survivability Analysis of a Computer System under an Advanced Persistent Threat Attack -- Confining Adversary Actions via Measurement. .
|
| 520 |
|
|
|a This book constitutes the refereed proceedings from the Third International Workshop on Graphical Models for Security, GraMSec 2016, held in Lisbon, Portugal, in June 2016. The 9 papers presented in this volume were carefully reviewed and selected from 23 submissions. The volume also contains the invited talk by Xinming Ou. GraMSec contributes to the development of well-founded graphical security models, efficient algorithms for their analysis, as well as methodologies for their practical usage. .
|
| 650 |
|
0 |
|a Computer science.
|
| 650 |
|
0 |
|a Computer communication systems.
|
| 650 |
|
0 |
|a Software engineering.
|
| 650 |
|
0 |
|a Computer security.
|
| 650 |
|
0 |
|a Algorithms.
|
| 650 |
|
0 |
|a Computer science
|x Mathematics.
|
| 650 |
1 |
4 |
|a Computer Science.
|
| 650 |
2 |
4 |
|a Systems and Data Security.
|
| 650 |
2 |
4 |
|a Discrete Mathematics in Computer Science.
|
| 650 |
2 |
4 |
|a Computer Communication Networks.
|
| 650 |
2 |
4 |
|a Software Engineering.
|
| 650 |
2 |
4 |
|a Algorithm Analysis and Problem Complexity.
|
| 700 |
1 |
|
|a Kordy, Barbara.
|e editor.
|
| 700 |
1 |
|
|a Ekstedt, Mathias.
|e editor.
|
| 700 |
1 |
|
|a Kim, Dong Seong.
|e editor.
|
| 710 |
2 |
|
|a SpringerLink (Online service)
|
| 773 |
0 |
|
|t Springer eBooks
|
| 776 |
0 |
8 |
|i Printed edition:
|z 9783319462622
|
| 830 |
|
0 |
|a Lecture Notes in Computer Science,
|x 0302-9743 ;
|v 9987
|
| 856 |
4 |
0 |
|u http://dx.doi.org/10.1007/978-3-319-46263-9
|z Full Text via HEAL-Link
|
| 912 |
|
|
|a ZDB-2-SCS
|
| 912 |
|
|
|a ZDB-2-LNC
|
| 950 |
|
|
|a Computer Science (Springer-11645)
|